Pokémon plante et insecte 1ère génération par image - Statistiques

Statistiques générales
  • Ce quiz a été pris 45 fois
  • Le résultat moyen est 21 sur 24
Statistiques - réponses
Par images Réponse % Correct
Bulbizarre
100%
Chenipan
100%
Florizarre
100%
Herbizarre
100%
Aspicot
98%
Mystherbe
98%
Coconfort
95%
Boustiflor
93%
Insécateur
93%
Noeunoeuf
93%
Papilusion
93%
Chrysacier
90%
Dardargnan
90%
Paras
90%
Rafflesia
88%
Chétiflor
85%
Empiflor
85%
Parasect
85%
Ortide
83%
Noadkoko
80%
Scarabrute
80%
Mimitoss
78%
Aéromite
70%
Saquedeneu
70%
Aucun quiz correspondant
Distribution des résultats
% des personnes avec chaque résultat
Percentile par nombre de réponses
Votre historique - résultats
Vous n’avez pas pris ce quiz